000 00680nam a2200289Ia 4500
005 20260324131735.0
008 008 260324s9999 xx 000 0 eng d
020 _a9780203086766
037 _aEBOOK
040 _aCRL
040 _beng
040 _cCRL
041 _2eng
041 _aeng
084 _qCRL
100 _aTonia Eckfeld
_91186645
245 0 _aImperial Tombs in Tang China, 618-907
245 4 _bThe Politics of Paradise
260 _bTaylor and Francis
260 _c2005
365 _a
365 _b230
856 _uhttp://www.taylorfrancis.com/books/9780203086766
942 _cEBOOK
999 _c1784098
_d1784098